Eisenstein - filmographie - Statistiques

Statistiques générales
  • Ce quiz a été pris 14 fois
  • Le résultat moyen est 5 sur 11
Statistiques - réponses
Hint Réponse % Correct
1925 Le Cuirassé Potemkine
100%
1945 (partie II sortie en 1958) Ivan le Terrible
75%
1938 Alexandre Nevski
67%
1925 La Grève
50%
1932 (film inachevé) Que viva Mexico !
50%
1927 Octobre
42%
1929 La Ligne Générale
33%
1937 (film en partie détruit) Le Pré de Béjine
25%
1934 (court métrage perdu) Death Day
8%
1923 (court métrage) Le Journal de Gloumov
8%
1930 (court métrage) Romance Sentimentale
8%
Aucun quiz correspondant
Distribution des résultats
% des personnes avec chaque résultat
Percentile par nombre de réponses
Votre historique - résultats
Vous n’avez pas pris ce quiz